Faculty of Law Library — Cairo University

Official Online Catalog

قضاء المشروعية : (Record no. 45027)

MARC details
000 -LEADER
fixed length control field 01299nam a22003251i 4500
003 - CONTROL NUMBER IDENTIFIER
control field EG-GICUC
005 - DATE AND TIME OF LATEST TRANSACTION
control field 20260121101327.0
008 - FIXED-LENGTH DATA ELEMENTS--GENERAL INFORMATION
fixed length control field 251120s1989 ua d|||fr|||| 00| 0 ara d
017 ## - COPYRIGHT OR LEGAL DEPOSIT NUMBER
Copyright or legal deposit number ۱۹۸۹ / ۷۹۹۷
020 ## - INTERNATIONAL STANDARD BOOK NUMBER
International Standard Book Number 9773731147
040 ## - CATALOGING SOURCE
Original cataloging agency EG-GICUC
Language of cataloging ara
Transcribing agency EG-GICUC
Modifying agency EG-GICUC
Description conventions rda
041 0# - LANGUAGE CODE
Language code of text/sound track or separate title ara
082 04 - DEWEY DECIMAL CLASSIFICATION NUMBER
Edition number 21
Classification number 345
Item number ع ب . ق
092 04 - LOCALLY ASSIGNED DEWEY CALL NUMBER (OCLC)
Edition number 21
099 ## - LOCAL FREE-TEXT CALL NUMBER (OCLC)
Classification number Law1 07 345 ع ب . ق 1 ed - 1989
100 0# - MAIN ENTRY--PERSONAL NAME
Personal name عبد المنعم محفوظ
Relator term مؤلف.
245 10 - TITLE STATEMENT
Title قضاء المشروعية :
Remainder of title وفلسفة الإنفتاح الإقتصادي في مصر (دراسة مقارنة) /
Statement of responsibility, etc. الدكتور عبد المنعم محفوظ.
250 ## - EDITION STATEMENT
Edition statement الطبعة الأولى
264 #1 - PRODUCTION, PUBLICATION, DISTRIBUTION, MANUFACTURE, AND COPYRIGHT NOTICE
Place of production, publication, distribution, manufacture القاهرة :
Name of producer, publisher, distributor, manufacturer [دون دار نشر]،
Date of production, publication, distribution, manufacture, or copyright notice 1989.
300 ## - PHYSICAL DESCRIPTION
Extent 500 صفحة :
Other physical details إيضاحيات ؛
Dimensions 24 سم.
336 ## - CONTENT TYPE
Source rda content
Content type term text
337 ## - MEDIA TYPE
Source rda media
Media type term Computer
338 ## - CARRIER TYPE
Source rda carrier
Carrier type term Online Resource
504 ## - BIBLIOGRAPHY, ETC. NOTE
Bibliography, etc. note يشتمل على إرجاعات ببلوجرافية.
546 ## - LANGUAGE NOTE
Language note النص أغلبه باللغة العربية بعض النصوص الإنجليزية والفرنسية
650 14 - SUBJECT ADDED ENTRY--TOPICAL TERM
Topical term or geographic name entry element القانون الإداري
856 40 - ELECTRONIC LOCATION AND ACCESS
Uniform Resource Identifier <a href="https://fll.law.cu.edu.eg/fulltext/bks/B07-00837.pdf">https://fll.law.cu.edu.eg/fulltext/bks/B07-00837.pdf</a>
905 ## - Cataloger and Reviser Names
Cataloger Name: Sara El-Gendy
Revisor Name: Yara
942 ## - ADDED ENTRY ELEMENTS (KOHA)
Source of classification or shelving scheme Dewey Decimal Classification
Koha item type Books
Edition 21
Suppress in OPAC No
Holdings
Withdrawn status Lost status Source of classification or shelving scheme Damaged status Not for loan Collection Home library Current library Date acquired Total checkouts Full call number Barcode Date last seen Copy number Price effective from Koha item type
    Dewey Decimal Classification   Not for loan القانون الإداري جــــامعة القــاهرة مكتبة كلية الحقوق - المبنى الرئيسي 20.11.2025   Law1 07 345 ع ب . ق 1 ed - 1989 0700837 C1 B07-00837 20.11.2025 1 20.11.2025 Books
    Dewey Decimal Classification يحتاج إلى ترميم   القانون الإداري جــــامعة القــاهرة مكتبة كلية الحقوق - المبنى الرئيسي 12.03.2026   Law1 07 345 ع ب . ق 1 ed - 1989 0703735 C2 B07-03735 12.03.2026 2 12.03.2026 Books
    Dewey Decimal Classification يحتاج إلى ترميم   القانون الإداري جــــامعة القــاهرة مكتبة كلية الحقوق - فـرع الشيخ زايد 12.03.2026   Law2 07 345 ع ب . ق 1 ed - 1989 0703737 C3 B07-03737 12.03.2026 3 12.03.2026 Books

© All rights reserved — Faculty of Law, Cairo University